| 000 | 00586cad a22001935a 4500 | ||
|---|---|---|---|
| 001 | L158610 | ||
| 008 | 150513e20150502xxk 000 0 eng d | ||
| 035 | _a(Sirsi) u158610 | ||
| 041 | 0 | _aeng | |
| 100 | 1 | _aBackhaus, Jacqueline | |
| 245 | 0 | 4 | _aThe answer to the housing crisis? |
| 260 | _c2015 | ||
| 490 |
_aEstates Gazette _v(1517) 2 May 2015, 64-66(3) |
||
| 520 | _aDiscussion about the way forward for developers, local authorities and social landlords in the delivery of more housing. | ||
| 590 | _aKA | ||
| 651 | 4 | _aUnited Kingdom | |
| 700 | 1 | _aChilton, Jennie | |
| 942 | _n0 | ||
| 999 |
_c84635 _d84635 |
||